000 00526nam a2200193 a 4500
001 1770972692007
003 YourLibrary
005 20260213142433.0
008 260213s1982##################000#0#eng##
020 _a9780521288095
082 0 4 _a305.5
_bGID
100 1 _aGiddens, Anthony,
_eauthor.
245 1 0 _aSocial Class and the Division of Labour :
260 _bCambridge University Press,
_c1982.
300 _a356 pages
650 0 _aSocial Science.
942 _cENGLISH
040 _aYourLibrary
_beng
_cYourLibrary
999 _c612412
_d612412